Journal of landscape ecology (Record no. 38422)

MARC details
000 -LEADER
fixed length control field 00468nam a2200169Ia 4500
022 ## - INTERNATIONAL STANDARD SERIAL NUMBER
ISSN 18054196
050 ## - CALL MARK
Classification number QH 541.15 .L36/
245 #0 - TITLE STATEMENT
Title Journal of landscape ecology
260 ## - PUBLICATION, DISTRIBUTION, ETC. (IMPRINT)
Place of publication Czech Republic
260 ## - PUBLICATION, DISTRIBUTION, ETC. (IMPRINT)
Name of publisher Czech society for landscape ecology
260 ## - PUBLICATION, DISTRIBUTION, ETC. (IMPRINT)
Year of publication 2012
300 ## - PHYSICAL DESCRIPTION
Number of Pages 77 p. :ill. ; 24 cm.
650 ## - SUBJECT ADDED ENTRY--TOPICAL TERM
Topical Term Landscape ecology--Periodicals. Landscape ecology.
942 ## - ADDED ENTRY ELEMENTS (KOHA)
Koha item type Serials

No items available.